MDQL
is popping MORE tags! Check the
thread
!
Quizzes
Events
Quiz Creation
Community
Videos
Private Events
Remove Ads
Sign In
Join for FREE
Feedback
Dark Mode
Quiz Categories
Sports
Geography
Music
Movies
Television
Just For Fun
Miscellaneous
History
Literature
Language
Science
Gaming
Entertainment
Religion
Holiday
For Kids
Quiz Lab
Recent
Popular Today
Quiz Kudos Today
Editor Picks
Curator Picks
Quizzes by...
Day
Popularity
Type
Ratings
Length
Year
Community
Subscriptions
Recent Discussions
Orange Saloon
Badges
Playlists
Quests
Create
Leaderboards
Showdown
Live 5
Trivia Bingo
Activity
Puzzle Library
Sporcle Events
Private Events
Virtual Trivia
Globe League
Become a Host
Pub Owners
SporcleCon
Opinionation
Our Games
Videos
Blog
Mobile Apps
Partnerships
Remove Ads and Go Orange
Feedback
Sports
Athletes
MLB
NBA
NHL
NFL
Soccer
Sports Teams
WWE
NCAA
Football
Premier League
Basketball
Baseball
Hockey
Golf
Tennis
Cricket
Rugby
Auto Racing
Olympics
World Cup
Sports
Athletes
MLB
NBA
NHL
NFL
Soccer
Sports Teams
WWE
NCAA
Football
Premier League
Basketball
Baseball
Hockey
Golf
Tennis
Cricket
Rugby
Auto Racing
Olympics
World Cup
Random Quiz
Search Sporcle
×
Quiz Lab
Quiz Lab
Sports
NCAA
Type in answers that appear in a list
Type in answers that appear in a list
Classic
Best Score? Go Orange.
NCAA Football Final AP Poll, 1940-1949 Stats
Can you name the NCAA Football Final AP Poll, 1940-1949?
By
bow5136
12m
201 Questions
222 Plays
222 Plays
222 Plays
Comments
Comments
Give Quiz Kudos
Give Quiz Kudos
-
- Ratings
hide this ad
More Info
Replay
Link that replays current quiz
Next Quiz
Link to next quiz in quiz playlist
You Got
0%
They Got
Avg Score
77%
Avg Friend Score
Upgrade to see
Score Distribution
Jump to the score distribution portion of the page
Score
0/201
Timer
12:00
0
Plays Today
Year
School
% Correct
1941
Texas
95.9%
1942
Texas
95.9%
1943
Texas
95.9%
1945
Texas
95.9%
1946
Texas
95.9%
1947
Texas
95.9%
1940
Michigan
95.5%
1941
Michigan
95.5%
1942
Michigan
95.5%
1943
Michigan
95.5%
1944
Michigan
95.5%
1945
Michigan
95.5%
1946
Michigan
95.5%
1947
Michigan
95.5%
1948
Michigan
95.5%
1949
Michigan
95.5%
1940
Pennsylvania
93.7%
1941
Pennsylvania
93.7%
1943
Pennsylvania
93.7%
1945
Pennsylvania
93.7%
1946
Pennsylvania
93.7%
1947
Pennsylvania
93.7%
1941
Ohio State
93.2%
1942
Ohio State
93.2%
1944
Ohio State
93.2%
1945
Ohio State
93.2%
1949
Ohio State
93.2%
1941
Alabama
92.8%
1942
Alabama
92.8%
1945
Alabama
92.8%
1946
Oklahoma
92.8%
1947
Alabama
92.8%
1947
Oklahoma
92.8%
1948
Oklahoma
92.8%
1949
Oklahoma
92.8%
1941
Notre Dame
92.3%
1942
Notre Dame
92.3%
1943
Notre Dame
92.3%
1944
Southern California
92.3%
1944
Notre Dame
92.3%
1945
Notre Dame
92.3%
1945
Southern California
92.3%
1946
Notre Dame
92.3%
1947
Notre Dame
92.3%
1947
Southern California
92.3%
1948
Notre Dame
92.3%
1949
Notre Dame
92.3%
1941
Georgia
91.4%
1942
Georgia
91.4%
1945
Georgia
91.4%
1946
Georgia
91.4%
1948
Georgia
91.4%
1942
UCLA
90.5%
1946
UCLA
90.5%
1940
Stanford
90.1%
1942
Stanford
90.1%
1940
Washington
89.6%
1943
Washington
89.6%
1948
Michigan State
89.2%
1949
Michigan State
89.2%
1942
Penn State
88.7%
1943
Iowa Pre-Flight
88.7%
1943
Army
88.7%
1944
Army
88.7%
1944
Iowa Pre-Flight
88.7%
1945
Army
88.7%
1945
Louisiana State
88.7%
Year
School
% Correct
1946
Army
88.7%
1946
Louisiana State
88.7%
1947
Penn State
88.7%
1947
Army
88.7%
1948
Army
88.7%
1948
Oregon
88.7%
1948
Penn State
88.7%
1949
Army
88.7%
1949
Louisiana State
88.7%
1941
Navy
88.3%
1943
Navy
88.3%
1943
Great Lakes Naval
88.3%
1943
Del Monte Pre-Flight
88.3%
1943
Bainbridge Naval
88.3%
1944
Navy
88.3%
1944
Bainbridge Naval
88.3%
1944
Norman Pre-Flight
88.3%
1944
Great Lakes Naval
88.3%
1944
Fort Pierce Naval
88.3%
1944
St. Mary's Pre-Flight
88.3%
1945
Navy
88.3%
1940
Minnesota
87.8%
1941
Minnesota
87.8%
1942
Minnesota
87.8%
1948
Minnesota
87.8%
1949
Minnesota
87.8%
1940
Tennessee
87.4%
1941
Tennessee
87.4%
1942
Tennessee
87.4%
1944
Tennessee
87.4%
1945
Tennessee
87.4%
1946
Tennessee
87.4%
1949
Tennessee
87.4%
1945
Oklahoma State
86.9%
1947
California
86.9%
1948
California
86.9%
1949
California
86.9%
1942
Auburn
86.5%
1940
Nebraska
86%
1942
Wisconsin
86%
1944
Illinois
86%
1946
Illinois
86%
1946
Yale
85.6%
1947
Kansas
85.1%
1941
Oregon State
84.7%
1942
Georgia Tech
84.7%
1943
Georgia Tech
84.7%
1944
Georgia Tech
84.7%
1946
Georgia Tech
84.7%
1947
Georgia Tech
84.7%
1940
Texas A&M
84.2%
1941
Texas A&M
84.2%
1941
Mississippi
84.2%
1947
Mississippi
84.2%
1948
Mississippi
84.2%
1946
North Carolina
83.8%
1947
North Carolina
83.8%
1948
North Carolina
83.8%
1949
North Carolina
83.8%
1941
Washington State
82.9%
1942
Washington State
82.9%
1945
Indiana
82.9%
1946
Indiana
82.9%
1946
Arkansas
82%
1949
Kentucky
80.2%
1948
Clemson
79.7%
1943
Purdue
79.3%
Year
School
% Correct
1941
Missouri
78.8%
1949
Missouri
78.8%
1949
Maryland
78.4%
1949
Princeton
76.6%
1940
Duke
76.1%
1941
Duke
76.1%
1943
Duke
76.1%
1944
Duke
76.1%
1945
Duke
76.1%
1947
Duke
76.1%
1940
Mississippi State
75.7%
1941
Mississippi State
75.7%
1942
Mississippi State
75.7%
1940
Boston College
74.8%
1942
Boston College
74.8%
1940
Northwestern
73.9%
1941
Northwestern
73.9%
1943
Northwestern
73.9%
1948
Northwestern
73.9%
1946
North Carolina State
73.4%
1947
North Carolina State
73.4%
1940
Cornell
71.2%
1948
Cornell
71.2%
1949
Cornell
71.2%
1940
Southern Methodist
70.7%
1947
Southern Methodist
70.7%
1948
Southern Methodist
70.7%
1949
Baylor
70.7%
1943
Dartmouth
67.6%
1945
Wake Forest
67.1%
1948
Wake Forest
67.1%
1948
Vanderbilt
65.3%
1946
Rice
61.7%
1947
Rice
61.7%
1949
Rice
61.7%
1945
Columbia
61.3%
1947
Columbia
61.3%
1948
Tulane
61.3%
1943
March Field
57.2%
1944
Randolph Field
57.2%
1944
March Field
57.2%
1944
Second Air Force
56.8%
1949
Villanova
46.8%
1942
Tulsa
43.7%
1943
Tulsa
43.7%
1945
Tulsa
43.7%
1946
Tulsa
43.7%
1940
Georgetown
40.1%
1942
Holy Cross
37.4%
1945
Holy Cross
37.4%
1940
Fordham
35.6%
1941
Fordham
35.6%
1940
Santa Clara
25.7%
1942
Santa Clara
25.7%
1949
Santa Clara
25.7%
1941
Duquesne
18.5%
1946
Delaware
18%
1942
William & Mary
16.7%
1947
William & Mary
16.7%
1948
William & Mary
16.7%
1940
Lafayette
16.2%
1945
St. Mary's
15.3%
1943
Pacific
14.9%
1949
Pacific
14.9%
1943
Colorado College
8.6%
1944
El Toro Marines
7.2%
1940
Hardin-Simmons
6.3%
Quiz Playlist
Details
Report
Send in Message
Add To Playlist
More Info:
Between 1936-1961, only 20 teams were ranked by the AP.
Classic:
Type in answers that appear in a list
Quiz Source
Last Updated: Feb 16, 2017
Quiz Scoreboard
CHALLENGE
Sign Up to Join the Scoreboard
Show All
Scores
Hide
Comments
May contain spoilers
Recently Published
Holiday 10x10 Sorting Gallery
by lukepisani3
Holiday
15m
Two Season TV Shows II
by 123Four
Television
10m
Image Sorting: Flags VI
by Barbecue
Geography
2m
More to Explore
Quiz From the Vault
Featured Blog Post
14 Easter Pick-up Lines to Find Eggs With
hide this ad
You Might Also Like...
Tags
NCAA Quiz
AP Poll
Football Poll
NCAA Football
NCAA Sports
SEC Football
Today's Top Quizzes in Sports
Browse Sports
hide this ad
Today's Top Quizzes in NCAA
Browse NCAA
Top Contributed Quizzes in Sports
1
Les meilleurs buteurs des matchs entre le PSG et l’OM
2
Les entraîneurs de l'OM et du PSG au 21e siècle
3
2022 World Cup Stars
4
Les joueurs passés par le PSG et l'OM
5
Players with Multiple 50 Home Run Seasons
6
FIFA Club World Cup Champions
7
Top 10 NHL Goal Scorers of All Time
8
Les joueurs passés par le LOSC et le RC Lens
9
Criteria MLB: Left Handed Sluggers
10
2023 MLB Unique Player Accomplishments
Explore More
Trending Topics
Kpop
Crossword
Marvel
Anime
Harry Potter
Disney
NBA
The Office
Soccer
WWE
Song
Country
NFL
Puzzle
Pokémon
hide this ad
More By:
bow5136
Quiz
Plays
Rating
Category
Featured
Created
College World Series Participants Since 2000
1,758
5.00
Sports
Apr 11, 2016
NCAA Football Final AP Poll Top 5 Since 1990
960
4.75
Sports
Apr 12, 2016
NCAA Men's Basketball Final Top 25 Since 2010
532
5.00
Sports
Feb 15, 2017
NCAA Men's Final Four, 1939-1984
484
4.71
Sports
Apr 5, 2016
NCAA Men's Final Four (Since Expansion in 1985)
484
3.83
Sports
Apr 5, 2016
Go to Creator's Profile
Score Distribution
Quiz Creator Spotlight
bow5136
Follow
Send a Message
Quizzes Created
-
Created Quiz Play Count
-
More By This Creator
Popular Quizzes Today
1
Find the US States - No Outlines Minefield
2
Colored Red Africa Blitz
3
Find the 'City' Movie
4
The Countries of the World
5
5x2 Blitz: Bands
6
Find the US States
7
Find the Countries of Europe - No Outlines Minefield
8
US States
More Sports Quizzes
Bowling Terms
Quiz Lab
Trending Quizzes
Colored Red Europe Blitz I
Colored Red Europe Blitz II
Colored Red Africa Blitz II
Colored Red Europe Blitz III
Colored Red Africa Blitz III
Recently Updated
Odd Team Out - Big 4 Players
pecheneg
Quick Pick: 20 Twenties
pecheneg
March Madness Men's Triple Doubles
pecheneg
How Do You Spell That?
pecheneg
Godzilla Movies
pecheneg
Grab Bag: 4-10 Letters
pecheneg
2024 March Madness Bracket
pecheneg
Famous TV Couples
Peacemaker
Champions League XIs: Real Madrid
pecheneg
Largest US Cities 1790-2010
pecheneg
Trending Topics
Kpop
Marvel
Disney
NBA
Harry Potter
Anime
Crossword
NFL
Pokémon
The Office
Country
Puzzle
WWE
Song
Soccer
Your Account Isn't Verified!
In order to create a playlist on Sporcle, you need to verify the email address you used during registration. Go to your
Sporcle Settings
to finish the process.
Report this User
Report this user for behavior that violates our
Community Guidelines
.
Details:
Send Report
Go to the Sporcle.com Mobile Site →
Comments